Ababeel UAV Design and implementation of a quadrotor unmanned aerial vehicle with mine detection and surveillance capability / (Record no. 190677)
[ view plain ]
| 000 -LEADER | |
|---|---|
| fixed length control field | 00848 a2200193 4500 |
| 003 - CONTROL NUMBER IDENTIFIER | |
| control field | NUST |
| 005 - DATE AND TIME OF LATEST TRANSACTION | |
| control field | 20251125125446.0 |
| 040 ## - CATALOGING SOURCE | |
| Transcribing agency | Nust |
| 082 ## - DEWEY DECIMAL CLASSIFICATION NUMBER | |
| Classification number | 621.382,FAI |
| 100 ## - MAIN ENTRY--PERSONAL NAME | |
| Personal name | Faiz, PC Saad Ur Rehman (TE-45/TCC-20) |
| 9 (RLIN) | 132061 |
| 245 ## - TITLE STATEMENT | |
| Title | Ababeel UAV Design and implementation of a quadrotor unmanned aerial vehicle with mine detection and surveillance capability / |
| Statement of responsibility, etc. | PC Saad Ur Rehman Faiz,NC Amna .Capt Rashid. Capt Umer khalid |
| 260 ## - PUBLICATION, DISTRIBUTION, ETC. | |
| Place of publication, distribution, etc. | Rawalpindi |
| Name of publisher, distributor, etc. | MCS,NUST |
| Date of publication, distribution, etc. | 2012 |
| 300 ## - PHYSICAL DESCRIPTION | |
| Extent | xi,62 p.; |
| 505 ## - FORMATTED CONTENTS NOTE | |
| Formatted contents note | Introduction (Page-1), Metal Detector (Page-36), The Hatch (Page-43), Wireless Camera (Page-45), Goals Achieved (Page-46), Application (Page-49), Future Work (Page-55), References (Page-57). |
| 650 ## - SUBJECT ADDED ENTRY--TOPICAL TERM | |
| Topical term or geographic name entry element | UG Project |
| 9 (RLIN) | 131132 |
| 651 ## - SUBJECT ADDED ENTRY--GEOGRAPHIC NAME | |
| Geographic name | TE-45/TCC-20 |
| 700 ## - ADDED ENTRY--PERSONAL NAME | |
| Personal name | Supervised by Dr. Adil Masood Siddiqui |
| 9 (RLIN) | 132063 |
| 942 ## - ADDED ENTRY ELEMENTS (KOHA) | |
| Koha item type | Project Report |
| Source of classification or shelving scheme | |
| Withdrawn status | Lost status | Source of classification or shelving scheme | Damaged status | Not for loan | Permanent Location | Current Location | Shelving location | Date acquired | Full call number | Barcode | Date last seen | Price effective from | Koha item type | Public note |
|---|---|---|---|---|---|---|---|---|---|---|---|---|---|---|
| Military College of Signals (MCS) | Military College of Signals (MCS) | Reference | 12/12/2016 | 621.382, FAI | MCSPTC-151 | 12/08/2016 | 12/12/2016 | Project Report | Almirah No. 94, Shelf No. 3 |
